000
00298nam a2200121Ia 4500
008
191201s2006 xx 000 0 und d
100
_a
PERRY, Gerg
245
0
_a
Teach yourself V B 6.0 in 24 Hours
260
_a
N.Delhi
_b
Tech Media
_c
2006
300
_a
450
650
_a
B.Tech(IT)
942
_2
ddc
_c
BK
999
_c
2913
_d
2913